UM Logo

Drag and drop: (Record no. 1576)

MARC details
000 -LEADER
fixed length control field 00515nam a22001577a 4500
008 - FIXED-LENGTH DATA ELEMENTS--GENERAL INFORMATION
fixed length control field 160407b xxu||||| |||| 00| 0 eng d
020 ## - INTERNATIONAL STANDARD BOOK NUMBER
International Standard Book Number 978-81-207-5735-6
082 ## - DEWEY DECIMAL CLASSIFICATION NUMBER
Edition number 2011
Classification number DC 005.276
Item number M66
100 ## - MAIN ENTRY--PERSONAL NAME
9 (RLIN) 4910
Personal name Minhas, Davinder Singh
245 ## - TITLE STATEMENT
Title Drag and drop:
Remainder of title HTML/
Statement of responsibility, etc. Davinder Singh Minhas.
260 ## - PUBLICATION, DISTRIBUTION, ETC. (IMPRINT)
Place of publication, distribution, etc. New Delhi:
Name of publisher, distributor, etc. Sterling Publishers PVT. LTD.,
Date of publication, distribution, etc. c2011.
300 ## - PHYSICAL DESCRIPTION
Extent 40 pages:
Other physical details color illustrations;
Dimensions 28 cm.
650 #0 - SUBJECT ADDED ENTRY--TOPICAL TERM
9 (RLIN) 4913
Topical term or geographic name as entry element HTML (Document markup language)
365 ## - TRADE PRICE
Price amount 210.00
Currency code Php
942 ## - ADDED ENTRY ELEMENTS (KOHA)
Source of classification or shelving scheme Dewey Decimal Classification
Koha item type Circulation
Holdings
Withdrawn status Lost status Source of classification or shelving scheme Damaged status Not for loan Collection code Home library Current library Date acquired Source of acquisition Total Checkouts Full call number Barcode Date last seen Copy number Cost, replacement price Price effective from Koha item type
    Dewey Decimal Classification     Circulation UM Digos College - LIC UM Digos College - LIC 09/25/2014 Purchased   DC 005.276 M66 2011 22452 05/15/2025 1 210.00 04/07/2016 Circulation